00415 2200157 4500001002100000005001500021035002000036245006100056100002500117300002800142260003100170082000800201084001400209020002200223990001200245INLIS00000000000264720250805085438 a0010-08250000081 aRahasia Rezeki Keluarga Melimpah /cMokh. Syaiful Bakhri0 aMokh. Syaiful Bakhri a106 hlm ;c14,5 x 21 cm aJakarta :bErlangga,c2013 a300 a300 MOK r a978-602-241-079-9 a0754892